|
|
|
|
| LEADER |
00000nab a2200000 a 4500 |
| 001 |
vtls000400204 |
| 003 |
SK-MaSNL |
| 005 |
20260305044307.0 |
| 008 |
120924c1990 xo 0 slo |
| 015 |
|
|
|a SNBRB19rr/mm-uuuuu
|
| 035 |
|
|
|a CL0400328
|
| 040 |
|
|
|a SNKBUCL
|b slo
|c SNKBUCL
|e AACR2
|
| 041 |
0 |
|
|a slo
|
| 044 |
|
|
|a xo
|c SK
|
| 080 |
|
|
|a 943.72:943.76:936.7
|2 1981
|
| 080 |
|
|
|a 943.76
|2 1981
|
| 080 |
|
|
|a 936.7
|2 1981
|
| 100 |
1 |
|
|a Hoššo, Jozef,
|d 1946-2012
|4 aut
|9 102675
|
| 245 |
1 |
0 |
|a Obraz života našich predkov
|c Jozef Hoššo
|
| 300 |
|
|
|b Obr. 1.
|
| 650 |
0 |
7 |
|a Slovania
|2 snkbucl
|9 18587
|
| 651 |
|
7 |
|a Veľká Morava
|2 snkbucl
|9 66060
|
| 655 |
|
7 |
|a články z novín a časopisov
|2 snkbucl
|9 267496
|
| 700 |
1 |
|
|a Štefanovičová, Tatiana,
|d 1934-2021
|4 aut
|9 102499
|
| 773 |
0 |
|
|t Universitas Comeniana
|g Roč. 2, č. 1 (1990), s. 59-60
|
| 787 |
0 |
8 |
|i Rec.:
|a Štefanovičová, Tatiana
|t Osudy starých Slovanov
|d Martin : Osveta, 1989
|
| 850 |
|
|
|a Slovenská národná knižnica v Martine
|a MTA001
|
| 852 |
|
|
|a SNK
|b KIS3GCP
|
| 958 |
|
|
|a RK
|
| 992 |
|
|
|a RBX
|
| 999 |
|
|
|c 3357713
|d 3359643
|